| 000 | 00977nam a22002055i 4500 | ||
|---|---|---|---|
| 001 | 157781 | ||
| 003 | ES-MaACL | ||
| 005 | 20230906210839.0 | ||
| 008 | 040818s1895 sp |||| | spa d | ||
| 040 |
_aCAM _bspa _cCAM |
||
| 100 | 1 |
_aLiongson Tongio, Francisco. _9128966 |
|
| 245 | 1 | 3 |
_aLa celula ante el microbio _b: tesis del doctorado en medicina leída y sostenida el día 19 de octubre de 1895 ante el tribunal de grados ... / _cpor Francisco Liongson Tongio. |
| 260 |
_aMadrid : _b[s.n.], _c1895 ( _fImprenta de Diego Pacheco Latorre) |
||
| 300 |
_a103 p. ; _c23 cm. |
||
| 530 | _aDisponible en formato digital. | ||
| 594 | _aPrecede al tit.: Universidad Central. | ||
| 650 | 4 |
_aMicrobiología. _915023 |
|
| 852 |
_aES-MaACL _jT-1046-F-8 _z-- Enc. hol. conservando la cub. original _z-- Enc. en un vol. facticio |
||
| 856 |
_uhttp://bibliotecadigitalhispanica.bne.es:80/webclient/DeliveryManager?pid=1678147&custom_att_2=simple_viewer _zBiblioteca Digital Hispánica |
||
| 999 |
_c157781 _d157781 |
||